Workshop on replant problemas with fruit trees

Gorde:
Xehetasun bibliografikoak
Egile nagusia: Utkhede, R. S (Egilea)
Formatua: Liburua
Hizkuntza:ingelesa
Argitaratua: Wageningen ISHS 1988
Gaiak:
Etiketak: Etiketa erantsi
Etiketarik gabe, Izan zaitez lehena erregistro honi etiketa jartzen!

MARC

LEADER 00000nam a2200000 a 4500
001 UCL5233
003 CL-VaPUC
008 040305e19880000ne |||||||||||||||||eng|d
020 |a 9066053135 
082 0 4 |a 634  |b UTK  |2 21 
100 0 |a Utkhede, R. S  |e author  |9 482971 
245 1 0 |a Workshop on replant problemas with fruit trees 
300 |a 120 p 
942 |c BK 
945 |d 20040305 00:00:00  |a cmena 
260 |a Wageningen  |b ISHS  |c 1988 
500 |a Acta Horticulturae, 233, december 1988 
650 0 |a Árboles frutales   |9 264297 
650 0 |a Fruticultura  |9 259678 
583 |a last modification  |c 20171115 11:21:33  |k Rodrigo Vera 
999 |c 307884  |d 307882